000 00866nam a2200241 a 4500
001 BRCA_4325
005 20190320204628.0
008 250610s1980----mx-ab#####---#000-0#spa-#
020 _a968710810X
041 _aspa
044 _amx
050 4 _aNE544
_b.G73 1980
245 1 0 _aLos grabados de la Historia Antigua de México
_cprólogo de Ernesto de la Torre Villar.
260 _aMéxico
_bCelanece Mexicana ; San Ángel
_c1980
300 _a52 p.
_bil., 21 láminas, mapas
_c44 cm.
500 _aIncluye biografía de Francisco Javier Clavijero e índice onomástico
500 _aPor su formato NO se presta a domicilio
650 1 4 _aIndios de México
_vTrabajos Ilustrados
_xHistoria
_911090
651 4 _aMéxico
_xHistoria
_9614
700 1 _aTorre Villar, Ernesto de la
_911091
700 1 _aClavijero, Francisco Javier
_d1731-1787
_99702
942 _2lcc
_cB
999 _c4036
_d4036